00478nam a2200169 a 45000010014000000030012000140050017000260080041000430200018000840820017001021000030001192450049001492600039001983000014002376500023002510400034002741771681180170YourLibrary20260221191140.0260221s2010##################000#0#eng## a978052111033404a320.947bROB1 aRoberts, Andrew,eauthor.10aThe Quality of Democracy in Eastern Europe : bCambridge University Press,c2010. a253 pages 0aPolitical Science. aYourLibrarybengcYourLibrary